South Eastern Kenya University

Library Online Public Access Catalogue


Clinical management of children with cochlear implants / (Record no. 13657)

MARC details
000 -LEADER
fixed length control field 01144cam a22003974a 4500
001 - CONTROL NUMBER
control field 15549188
003 - CONTROL NUMBER IDENTIFIER
control field OSt
005 - DATE AND TIME OF LATEST TRANSACTION
control field 20160510150700.0
008 - FIXED-LENGTH DATA ELEMENTS--GENERAL INFORMATION
fixed length control field 081205s2009 caua b 001 0 eng
010 ## - LIBRARY OF CONGRESS CONTROL NUMBER
LC control number 2008052901
015 ## - NATIONAL BIBLIOGRAPHY NUMBER
National bibliography number GBA923720
Source bnb
016 7# - NATIONAL BIBLIOGRAPHIC AGENCY CONTROL NUMBER
Record control number 101490912
Source DNLM
016 7# - NATIONAL BIBLIOGRAPHIC AGENCY CONTROL NUMBER
Record control number 014921850
Source Uk
020 ## - INTERNATIONAL STANDARD BOOK NUMBER
International Standard Book Number 9781597562515 (alk. paper)
020 ## - INTERNATIONAL STANDARD BOOK NUMBER
International Standard Book Number 1597562513 (alk. paper)
035 ## - SYSTEM CONTROL NUMBER
System control number (OCoLC)ocn280354629
040 ## - CATALOGING SOURCE
Original cataloging agency SEKU
042 ## - AUTHENTICATION CODE
Authentication code pcc
050 00 - LIBRARY OF CONGRESS CALL NUMBER
Classification number RF 305
Item number .E4
060 00 - NATIONAL LIBRARY OF MEDICINE CALL NUMBER
Classification number 2009 F-272
060 10 - NATIONAL LIBRARY OF MEDICINE CALL NUMBER
Classification number WV 274
Item number C6405 2009
082 00 - DEWEY DECIMAL CLASSIFICATION NUMBER
Classification number 617.8/82
Edition number 22
100 ## - MAIN ENTRY--PERSONAL NAME
Personal name Eisenberg, Laurie S.
245 00 - TITLE STATEMENT
Title Clinical management of children with cochlear implants /
Statement of responsibility, etc. [edited by] Laurie S. Eisenberg.
260 ## - PUBLICATION, DISTRIBUTION, ETC. (IMPRINT)
Place of publication, distribution, etc. San Diego, CA :
Name of publisher, distributor, etc. Plural Pub.,
Date of publication, distribution, etc. 2009.
300 ## - PHYSICAL DESCRIPTION
Extent xiv, 692 p. :
Other physical details ill. ;
Dimensions 26 cm.
504 ## - BIBLIOGRAPHY, ETC. NOTE
Bibliography, etc Includes bibliographical references and index.
650 #0 - SUBJECT ADDED ENTRY--TOPICAL TERM
Topical term or geographic name as entry element Cochlear implants.
650 #0 - SUBJECT ADDED ENTRY--TOPICAL TERM
Topical term or geographic name as entry element Deaf children
General subdivision Rehabilitation.
650 12 - SUBJECT ADDED ENTRY--TOPICAL TERM
Topical term or geographic name as entry element Cochlear Implantation.
650 22 - SUBJECT ADDED ENTRY--TOPICAL TERM
Topical term or geographic name as entry element Child.
650 22 - SUBJECT ADDED ENTRY--TOPICAL TERM
Topical term or geographic name as entry element Cochlear Implants.
650 22 - SUBJECT ADDED ENTRY--TOPICAL TERM
Topical term or geographic name as entry element Deafness
General subdivision therapy.
650 22 - SUBJECT ADDED ENTRY--TOPICAL TERM
Topical term or geographic name as entry element Infant.
942 ## - ADDED ENTRY ELEMENTS (KOHA)
Source of classification or shelving scheme Library of Congress Classification
Koha item type General circulation
Holdings
Withdrawn status Lost status Source of classification or shelving scheme Damaged status Not for loan Home library Current library Shelving location Date acquired Source of acquisition Total Checkouts Full call number Barcode Date last seen Price effective from Koha item type Public note
    Library of Congress Classification     Main Campus Library Main Campus Library General Stacks 10/05/2016 Donation- Books for Africa   RF 305 .E4 2016/017853 10/05/2016 10/05/2016 General circulation stv
Kitui, Kenya.
+254736116989
library@seku.ac.ke